Stavebná mechanika I : Teoretická mechanika a statika

Gespeichert in:
Bibliographische Detailangaben
Hauptverfasser: Adamča, Ladislav, 1941- (Verfasst von), Marton, Pavol, 1947- (Verfasst von)
Format: Buch
Sprache:Slowakisch
Veröffentlicht: Bratislava : SVŠT v Bratislave, 1988
Tags: Tag hinzufügen
Keine Tags, Fügen Sie das erste Tag hinzu!

MARC

LEADER 00000nam a22000003a 4500
001 stu29210
005 20150617225736.9
008 950606s1988----xo------------------slo-d
040 |a STU  |b slo 
041 0 |a slo 
044 |a xo 
080 |a 624.04(075.8) 
080 |a 539.31(075.8) 
100 1 |a Adamča, Ladislav,  |d 1941-  |4 aut  |u A4140  |U FAD Fakulta architektúry  |T FA Ústav konštrukcií v architektúre a inžinierskych stavieb  |X 979  |U A4140  |Y 395  |7 A000000979 
245 1 |a Stavebná mechanika I :  |b Teoretická mechanika a statika 
260 |a Bratislava :  |b SVŠT v Bratislave,  |c 1988 
300 |a 224 s 
700 1 |a Marton, Pavol,  |d 1947-  |4 aut  |u V250  |U SvF Stavebná fakulta  |T SvF Katedra stavebnej mechaniky  |X 829  |U V250  |Y 26  |7 A000000829 
996 |b 284V012490  |c V*40508/S-03  |l VVS  |s A  |a 24  |w stu29210_0001 
996 |b 284V012303  |c V*29297/S-88  |l VVS  |s A  |a 24  |w stu29210_0008 
996 |b 284V015958  |c V*29296/S-88  |l VVS  |s A  |a 24  |w stu29210_0013 
996 |b 284V023535  |c V*36029/O-14996  |l VVT  |s A  |a 24  |w stu29210_0019 
996 |b 284V023534  |c V*36030/O-14996a  |l VVT  |s A  |a 24  |w stu29210_0020